000
00320nam a22001337a 4500
008
170927b xxu||||| |||| 00| 0 eng d
020
_a
9781878289636
041
_a
eng
080
_a
37
100
_a
47
101
_a
EDU
245
_a
EVALUATION AND IMPLEMENTATION OF DISTANCE LEARNING
_c
BELANGER,F
942
_2
udc
_c
BK
999
_c
30321
_d
30321